Critical thinking and writing in nursing (Record no. 86537)

MARC details
000 -LEADER
fixed length control field 00735 a2200253 4500
003 - CONTROL NUMBER IDENTIFIER
control field CBULib
005 - DATE AND TIME OF LATEST TRANSACTION
control field 20251120120239.0
008 - FIXED-LENGTH DATA ELEMENTS--GENERAL INFORMATION
fixed length control field 251120b |||||||| |||| 00| 0 eng d
020 ## - INTERNATIONAL STANDARD BOOK NUMBER
International Standard Book Number 9781529728828
040 ## - CATALOGING SOURCE
Language of cataloging English
Transcribing agency CBULib
Description conventions rda
041 ## - LANGUAGE CODE
Language code of text/sound track or separate title eng
050 ## - LIBRARY OF CONGRESS CALL NUMBER
Classification number RT 24 Pri
100 ## - MAIN ENTRY--PERSONAL NAME
Personal name Price, Bob
245 ## - TITLE STATEMENT
Title Critical thinking and writing in nursing
Statement of responsibility, etc / by Bob Price
250 ## - EDITION STATEMENT
Edition statement Fifth edition.
260 ## - PUBLICATION, DISTRIBUTION, ETC. (IMPRINT)
Name of publisher, distributor, etc SAGE,
Date of publication, distribution, etc 2021
Place of publication, distribution, etc London :
300 ## - PHYSICAL DESCRIPTION
Extent ix, 214 pages : illustrations
336 ## - CONTENT TYPE
Source rdacontent
Content type term Text |
Content type code txt
337 ## - MEDIA TYPE
Source rdamedia
Media type term Unmediated |
Media type code n
338 ## - CARRIER TYPE
Source rdacarrier
Carrier type term Volume
Carrier type code nc
650 #0 - SUBJECT ADDED ENTRY--TOPICAL TERM
9 (RLIN) 4276
Topical term or geographic name as entry element CRITICAL THINKING - STUDY AND TEACHING
650 #0 - SUBJECT ADDED ENTRY--TOPICAL TERM
9 (RLIN) 5104
Topical term or geographic name as entry element NURSING--AUTHORSHIP
942 ## - ADDED ENTRY ELEMENTS (KOHA)
Source of classification or shelving scheme
Koha item type MONOGRAPH
Holdings
Withdrawn status Lost status Source of classification or shelving scheme Damaged status Not for loan Collection code Permanent Location Current Location Shelving location Date acquired Source of acquisition Cost, normal purchase price Total Checkouts Full call number Barcode Date last seen Copy number Price effective from Koha item type
          Main Library Open Access Collection CBU-MAIN LIBRARY, KITWE. CBU-MAIN LIBRARY, KITWE. General Stacks 11/20/2025 DON-BOOKAID 63.00   RT 24 Pri 753793 11/20/2025 1 11/20/2025 MONOGRAPH
          Main Library Open Access Collection CBU-MAIN LIBRARY, KITWE. CBU-MAIN LIBRARY, KITWE. General Stacks 11/20/2025 DON-BOOKAID 63.00   RT 24 Pri 753794 11/20/2025 2 11/20/2025 MONOGRAPH
          Michael Chilufya Sata Collection CBU-MICHAEL CHILUFYA SATA LIBRARY CBU-MICHAEL CHILUFYA SATA LIBRARY General Stacks 01/28/2026 Book aid International 63.00   RT 24 Pri 934213 01/28/2026 1 01/28/2026 MONOGRAPH
          Medical Library Collection CBU-SCHOOL OF MEDICINE LIBRARY, NDOLA. CBU-SCHOOL OF MEDICINE LIBRARY, NDOLA. General Stacks 01/28/2026 Book aid International 63.00   RT 24 Pri 934214 01/28/2026 2 01/28/2026 MONOGRAPH